000 00849nam a22002177a 4500
999 _c4029
_d4029
003 AR-CdUCM
008 190307b ||||| |||| 00| 0 spa d
020 _a978-612-00-1245-1
040 _aMUNICIPALIDAD PROVINCIAL DEL CUSCO
_cBIBLIOTECA MUNICIPAL DEL CUSCO
082 _a379 /
_bH83
100 _aHuamán Gamarra, Porfirio
_912850
245 _aManual de apafas :
_binstituciones educativas /
260 _aLima :
_bCabañas,
_c2013.
300 _a258 páginas ;
_c20.5 cm.
505 _aContenido: Principios básicos de la APAFA -- Problemas y criterios generales del lider -- Herramientas del líder -- Padres de familia y las normas legales -- Propuesta de instrumentos de gestión ...
650 _aComunidad educativa
_912851
650 _aManejo económico
_912852
650 _aAsociados
_912853
942 _2ddc
_cLIBROS
945 _aafb